Boundary value problems for linear evolution partial differential equations : proceedings of the NATO Advanced Study Institute held in Liege, Belgium, September 6-17, 1976

Αποθηκεύτηκε σε:
Λεπτομέρειες βιβλιογραφικής εγγραφής
Συγγραφή απο Οργανισμό/Αρχή: NATO Advanced Study Institute Liège, Belgium
Άλλοι συγγραφείς: Garnir, H. G. (Henri G.), 1921- (Επιμελητής έκδοσης)
Μορφή: Πρακτικό Συνεδρίου Βιβλίο
Γλώσσα:English
Δημοσίευση: Dordrecht : D. Reidel Publishing Company, c1977.
Σειρά:NATO advanced study institutes series. Mathematical and physical sciences ; 29 ; Series C
Θέματα:
Ετικέτες: Προσθήκη ετικέτας
Δεν υπάρχουν, Καταχωρήστε ετικέτα πρώτοι!

MARC

LEADER 00000cam a2200000 i 4500
001 1/45826
008 950609s1977 ne ||| | eng||
020 |a 902770788X 
035 |a 1995  |c ΑΥΓΕΡΙΝΟΣ  |l 10042640 
040 |a GR-MyUA  |b gre  |e AACR2 
041 0 |a eng 
082 0 |a 515.353  
111 2 |a NATO Advanced Study Institute   |d (1976 :   |c Liège, Belgium) 
245 1 0 |a Boundary value problems for linear evolution partial differential equations :   |b proceedings of the NATO Advanced Study Institute held in Liege, Belgium, September 6-17, 1976 /   |c edited by H.G. Garnir.  
260 |a Dordrecht :   |b D. Reidel Publishing Company,   |c c1977.  
300 |a 473 σ. :   |b εικ. ;   |c 25 εκ.  
490 1 |a (NATO advanced study institutes series. Mathematical and physical sciences   |v ; 29 ; Series C) 
504 |a Περιέχει βιβλιογραφικές παραπομπές.  
650 0 0 |a Differential equations, Partial  |x Congresses. 
650 0 0 |a Boundary value problems  |x Congresses. 
700 1 |a Garnir, H. G.   |q (Henri G.),   |d 1921-  |e edt 
830 0 |a NATO advanced study institutes series.   |n Series C,   |p Mathematical and physical sciences ;  |v  29 ; Series C 
852 |a INST  |b SAMOS  |e 19950609  |h 515.353 NAT  |p 005300005600  |q 005300005600  |t BK  |y 0 
909 |a Σ  |b 039089